[Event "Guernsey Holiday 2011"]
[Site "Guernsey, Channel Islands"]
[Date "2011.10.16"]
[Round "1"]
[White "Goman, Colin"]
[Black "Kearsley, Raymond J"]
[Result "1/2-1/2"]
[WhiteElo "1631"]
[BlackElo "1760"]
[PlyCount "81"]
[EventDate "2011.10.16"]
[EventType "swiss"]
[EventRounds "7"]
[SourceDate "2011.11.16"]

1. d4 Nf6 2. c4 g6 3. Nf3 d5 4. e3 Bg7 5. Nbd2 O-O 6. Bd3 Nbd7 7. Qc2 c5 8. O-O
dxc4 9. Nxc4 Nd5 10. Qe2 Nb4 11. Bb1 Qc7 12. a3 Nc6 13. d5 Nce5 14. Ncxe5 Nxe5
15. Nxe5 Bxe5 16. f4 Bg7 17. e4 f5 18. Qc4 Kh8 19. e5 b6 20. b4 Bb7 21. Ra2
Rfd8 22. Rd1 Rac8 23. Rc2 Qb8 24. Bb2 cxb4 25. Qxb4 Rxc2 26. Bxc2 Qc7 27. Bb3
Bf8 28. e6+ Bg7 29. Rc1 Qd6 30. Qxd6 Rxd6 31. Bxg7+ Kxg7 32. Rc7 Bxd5 33. Bxd5
Rxd5 34. Rxe7+ Kf6 35. Rxa7 Kxe6 36. Rxh7 Ra5 37. Rb7 b5 38. Rb6+ Kf7 39. Rb7+
Kf6 40. Rb6+ Kf7 41. Rb7+ 1/2-1/2

[Event "Guernsey Holiday 2011"]
[Site "Guernsey, Channel Islands"]
[Date "2011.10.16"]
[Round "1"]
[White "Kershaw, Graham J"]
[Black "Nalichowski, Bogdan"]
[Result "0-1"]
[WhiteElo "1760"]
[BlackElo "1626"]
[PlyCount "78"]
[EventDate "2011.10.16"]
[EventType "swiss"]
[EventRounds "7"]
[SourceDate "2011.11.16"]

1. e4 e5 2. Nf3 Nc6 3. Bb5 Bc5 4. O-O Nge7 5. Re1 a6 6. Bc4 h6 7. c3 b5 8. Bb3
Ng6 9. d3 d6 10. h3 Qf6 11. Nbd2 Nf4 12. Nf1 Ne7 13. d4 Bb6 14. Be3 Neg6 15.
dxe5 dxe5 16. a4 Bxe3 17. Rxe3 c6 18. axb5 cxb5 19. Bd5 Ra7 20. c4 bxc4 21.
Bxc4 O-O 22. b4 Rd8 23. Qb3 Rd6 24. Ree1 Bb7 25. Ng3 Bc8 26. Red1 Rxd1+ 27.
Rxd1 h5 28. Kh2 Nh4 29. Ne1 Nhxg2 30. Qa4 Qe7 31. Nf3 h4 32. Nf5 Bxf5 33. exf5
e4 34. Nd2 Rd7 35. Bxa6 e3 36. Qc6 Rd8 37. f6 Qxf6 38. Qxf6 gxf6 39. fxe3 Nxe3
0-1

[Event "Guernsey Holiday 2011"]
[Site "Guernsey, Channel Islands"]
[Date "2011.10.16"]
[Round "1"]
[White "Borland, Thomas E"]
[Black "Norman, Dinah M"]
[Result "0-1"]
[WhiteElo "1623"]
[BlackElo "1760"]
[PlyCount "84"]
[EventDate "2011.10.16"]
[EventType "swiss"]
[EventRounds "7"]
[SourceDate "2011.11.16"]

1. d4 d5 2. Bf4 Nf6 3. e3 c5 4. c3 Nc6 5. Nd2 Qb6 6. Qb3 c4 7. Qxb6 axb6 8. e4
e6 9. e5 Nd7 10. Ngf3 b5 11. Be2 b4 12. O-O b5 13. cxb4 Nxb4 14. a3 Nc6 15. b4
Nb6 16. Rfc1 Bd7 17. Bd1 Be7 18. Nf1 O-O 19. Ng3 Ra7 20. Ne2 Rfa8 21. Nc3 Nd8
22. g4 Rxa3 23. Rab1 R3a7 24. h4 Na4 25. Nxa4 bxa4 26. g5 Bb5 27. h5 Nc6 28.
Nh4 a3 29. Bc2 a2 30. Ra1 Bxb4 31. g6 hxg6 32. hxg6 fxg6 33. Bxg6 Ne7 34. Bc2
Ba3 35. Ng6 Nxg6 36. Bxg6 Bxc1 37. Bxc1 Be8 38. Bc2 Kf7 39. Kg2 Bb5 40. f4 Ba4
41. Rxa2 Bxc2 42. Rxc2 Ra2 0-1

[Event "Guernsey Holiday 2011"]
[Site "Guernsey, Channel Islands"]
[Date "2011.10.16"]
[Round "1"]
[White "Roberts, Malcolm A"]
[Black "Brookes, Jean Paul"]
[Result "1/2-1/2"]
[WhiteElo "1760"]
[BlackElo "1597"]
[PlyCount "72"]
[EventDate "2011.10.16"]
[EventType "swiss"]
[EventRounds "7"]
[SourceDate "2011.11.16"]

1. e4 e6 2. c3 d5 3. exd5 exd5 4. d4 Nf6 5. Nf3 Bg4 6. Be2 c6 7. h3 Bh5 8. Bf4
Bd6 9. Bxd6 Qxd6 10. O-O Nbd7 11. Nbd2 O-O 12. Re1 Rfe8 13. Qc2 Bg6 14. Bd3
Bxd3 15. Qxd3 h6 16. Qf5 g6 17. Qd3 Qf4 18. b3 Ne4 19. g3 Qf5 20. Kg2 h5 21.
Re2 g5 22. Rae1 Ndf6 23. Ne5 g4 24. hxg4 hxg4 25. f3 gxf3+ 26. Ndxf3 Nh5 27.
Nh4 Qg5 28. Qf3 Qxg3+ 29. Qxg3+ Nexg3 30. Re3 f6 31. Nd3 Ne4 32. Nf5 Kf7 33.
Nc5 Rg8+ 34. Kf3 Ng5+ 35. Kg4 Ne4+ 36. Kf3 Ng5+ 1/2-1/2

[Event "Guernsey Holiday 2011"]
[Site "Guernsey, Channel Islands"]
[Date "2011.10.16"]
[Round "1"]
[White "Savident, David B"]
[Black "Ruigrok, Jacques"]
[Result "0-1"]
[WhiteElo "1590"]
[BlackElo "1760"]
[PlyCount "54"]
[EventDate "2011.10.16"]
[EventType "swiss"]
[EventRounds "7"]
[SourceDate "2011.11.16"]

1. e4 e5 2. Nf3 Nc6 3. d4 exd4 4. Bc4 Nf6 5. O-O Nxe4 6. Re1 d5 7. Bxd5 Qxd5 8.
Nc3 Qa5 9. Nxe4 Be6 10. Neg5 O-O-O 11. Nxe6 fxe6 12. Rxe6 Bd6 13. Qe2 Qh5 14.
Bd2 d3 15. cxd3 Nd4 16. Qe1 Nxf3+ 17. gxf3 Qxh2+ 18. Kf1 Qh3+ 19. Kg1 Bh2+ 20.
Kh1 Bg3+ 21. Kg1 Bd6 22. Rc1 Bh2+ 23. Kh1 Bf4+ 24. Kg1 Bxd2 25. Rxc7+ Kxc7 26.
Re7+ Rd7 27. Qe5+ Kd8 0-1

[Event "Guernsey Holiday 2011"]
[Site "Guernsey, Channel Islands"]
[Date "2011.10.16"]
[Round "1"]
[White "Hoogakker, Peter"]
[Black "Naldrett, Geoffrey W"]
[Result "1-0"]
[WhiteElo "1754"]
[BlackElo "1584"]
[PlyCount "91"]
[EventDate "2011.10.16"]
[EventType "swiss"]
[EventRounds "7"]
[SourceDate "2011.11.16"]

1. e4 e5 2. Nf3 Nc6 3. Bc4 Bc5 4. c3 Qe7 5. d3 h6 6. O-O Nf6 7. Nbd2 d6 8. Re1
O-O 9. Nf1 Bg4 10. h3 Bh5 11. Ng3 Bg6 12. Nh4 Kh7 13. Ngf5 Qd8 14. Qd2 Bxf5 15.
Nxf5 Ng8 16. d4 exd4 17. cxd4 Bb4 18. Qe2 Bxe1 19. Qxe1 Qf6 20. d5 Nce7 21. Ng3
Qd4 22. Qe2 Rfe8 23. Be3 Qf6 24. Nh5 Qh4 25. Bd3 g6 26. Qf3 f6 27. Nf4 f5 28.
Ne6 Rac8 29. Re1 Qf6 30. Bd4 fxe4 31. Qxe4 Qf5 32. Qxf5 Nxf5 33. Bxa7 Re7 34.
g4 {(=)} Ng7 35. Nf4 Rce8 36. Bxg6+ Kh8 37. Bxe8 Nxe8 38. Ng6+ Kg7 39. Nxe7
Nxe7 40. Bd4+ Kf7 41. Be3 Kg6 42. Bxh6 Nxd5 43. Bd2 Nef6 44. f3 c5 45. h4 Nd7
46. h5+ 1-0

[Event "Guernsey Holiday 2011"]
[Site "Guernsey, Channel Islands"]
[Date "2011.10.16"]
[Round "1"]
[White "Kok, Franciscus"]
[Black "Errington, Paul"]
[Result "1/2-1/2"]
[WhiteElo "1583"]
[BlackElo "1752"]
[PlyCount "66"]
[EventDate "2011.10.16"]
[EventType "swiss"]
[EventRounds "7"]
[SourceDate "2011.11.16"]

1. d4 Nf6 2. c4 e6 3. Nf3 Be7 4. e3 O-O 5. Bd3 d5 6. O-O a6 7. a3 c5 8. dxc5
Bxc5 9. cxd5 exd5 10. b4 Ba7 11. Bb2 Be6 12. Nbd2 Re8 13. Qc2 Nbd7 14. Rac1 Rc8
15. Qb1 h6 16. Rxc8 Qxc8 17. Rc1 Qb8 18. Bd4 Bxd4 19. Nxd4 Ne5 20. Bf5 Bxf5 21.
Qxf5 Qd8 22. h3 g6 23. Qc2 Re7 24. f4 Ned7 25. Kf2 Qe8 26. Qb3 Kg7 27. Rc7 Nb6
28. Rxe7 Qxe7 29. Qc2 Ne4+ 30. Nxe4 Qxe4 31. Qc3 Kg8 32. Qc2 Qxc2+ 33. Nxc2 Kf8
1/2-1/2

[Event "Guernsey Holiday 2011"]
[Site "Guernsey, Channel Islands"]
[Date "2011.10.16"]
[Round "1"]
[White "Collins, Alan"]
[Black "Dokter, Marike"]
[Result "1-0"]
[WhiteElo "1736"]
[BlackElo "1570"]
[PlyCount "45"]
[EventDate "2011.10.16"]
[EventType "swiss"]
[EventRounds "7"]
[SourceDate "2011.11.16"]

1. d4 Nf6 2. Nf3 g6 3. Bf4 d6 4. e3 Bg7 5. h3 O-O 6. Be2 Re8 7. O-O Nbd7 8. c3
b6 9. Nbd2 Bb7 10. Qb3 e5 11. Bg5 e4 12. Nh2 h6 13. Bh4 g5 14. Bg3 d5 15. c4 c5
16. cxd5 Nxd5 17. Bc4 cxd4 18. Bxd5 Nc5 19. Bxf7+ Kh8 20. Qd1 Re7 21. Qh5 dxe3
22. fxe3 Qxd2 23. Ng4 1-0

[Event "Guernsey Holiday 2011"]
[Site "Guernsey, Channel Islands"]
[Date "2011.10.16"]
[Round "1"]
[White "Curry, William"]
[Black "Hamann, Marcus"]
[Result "0-1"]
[WhiteElo "1528"]
[BlackElo "1728"]
[PlyCount "90"]
[EventDate "2011.10.16"]
[EventType "swiss"]
[EventRounds "7"]
[SourceDate "2011.11.16"]

1. Nf3 Nf6 2. g3 d5 3. Bg2 e6 4. d3 Be7 5. O-O O-O 6. Re1 c5 7. Nbd2 Nc6 8. c3
Re8 9. Qc2 h6 10. b3 b6 11. Bb2 Bb7 12. Rad1 Qc7 13. e4 dxe4 14. dxe4 Rad8 15.
e5 Ng4 16. h3 Ngxe5 17. Nxe5 Nxe5 18. Bxb7 Nd3 19. Be4 Nxe1 20. Rxe1 Bf6 21.
Nf1 Rd7 22. Ne3 Red8 23. Ng4 Bg5 24. f4 Rd2 25. Qc1 f5 26. Ne5 fxe4 27. c4 Bf6
28. Bc3 e3 29. Nf3 Bxc3 30. Qxc3 R2d3 31. Qc2 Qb7 32. Qe2 Qe4 33. Kf1 Rd2 34.
Qxe3 Qxe3 35. Rxe3 Rxa2 36. Rxe6 Rd3 37. Ng1 Rd1+ 38. Re1 Rxe1+ 39. Kxe1 Rb2
40. Ne2 Rxb3 41. Kd2 a5 42. Kc2 a4 43. Nc3 Rb4 44. Kd3 a3 45. h4 Rb2 0-1

[Event "Guernsey Holiday 2011"]
[Site "Guernsey, Channel Islands"]
[Date "2011.10.16"]
[Round "1"]
[White "Wood, Peter C"]
[Black "Vonhoff, Joerg"]
[Result "0-1"]
[WhiteElo "1728"]
[BlackElo "1543"]
[PlyCount "102"]
[EventDate "2011.10.16"]
[EventType "swiss"]
[EventRounds "7"]
[SourceDate "2011.11.16"]

1. Nf3 Nf6 2. c4 g6 3. Nc3 Bg7 4. d4 d5 5. e3 O-O 6. Qb3 dxc4 7. Bxc4 Nc6 8.
Be2 e6 9. O-O a6 10. a4 b6 11. Bd2 Bb7 12. Rfc1 Ne7 13. Qc2 c6 14. e4 Rc8 15.
b4 c5 16. bxc5 bxc5 17. dxc5 Rxc5 18. Qb1 Nxe4 19. Nxe4 Rxc1+ 20. Qxc1 Bxa1 21.
Qxa1 Bxe4 22. Bh6 Nf5 23. Bxf8 Qxf8 24. Bxa6 Bxf3 25. gxf3 Qa8 26. Be2 Qa5 27.
Kf1 Qd2 28. Qd1 Qxd1+ 29. Bxd1 Nd4 30. a5 Nc6 31. a6 Kf8 32. Ke2 Ke7 33. Ke3 f5
34. Ba4 Na7 35. Kf4 Kf6 36. Ke3 e5 37. f4 exf4+ 38. Kd4 Nc8 39. Kc5 Ke7 40. Kc6
Kd8 41. Kb7 g5 42. a7 Nxa7 43. Kxa7 Ke7 44. Bc2 Ke6 45. h3 h5 46. Kb6 f3 47.
Kc5 Ke5 48. Bd3 h4 49. Bb5 g4 50. Bc6 Kf4 51. Bxf3 Kxf3 0-1

[Event "Guernsey Holiday 2011"]
[Site "Guernsey, Channel Islands"]
[Date "2011.10.16"]
[Round "1"]
[White "Bateman, Kerry"]
[Black "Beadle, John"]
[Result "1-0"]
[WhiteElo "1525"]
[BlackElo "1720"]
[PlyCount "37"]
[EventDate "2011.10.16"]
[EventType "swiss"]
[EventRounds "7"]
[SourceDate "2011.11.16"]

1. e4 c6 2. d4 d5 3. Nc3 dxe4 4. Nxe4 Bf5 5. Ng3 Bg6 6. Nf3 Nd7 7. Bc4 e6 8.
O-O Ngf6 9. Re1 Bd6 10. Bxe6 fxe6 11. Rxe6+ Be7 12. Qe2 Bf7 13. Nf5 Bxe6 14.
Nxg7+ Kf7 15. Nxe6 Qa5 16. Nfg5+ Kg8 17. Nc7 Qxc7 18. Qe6+ Kg7 19. Qf7+ 1-0

[Event "Guernsey Holiday 2011"]
[Site "Guernsey, Channel Islands"]
[Date "2011.10.16"]
[Round "1"]
[White "Foster, Paul"]
[Black "Herschmann, Heinz"]
[Result "1-0"]
[WhiteElo "1720"]
[BlackElo "1440"]
[PlyCount "75"]
[EventDate "2011.10.16"]
[EventType "swiss"]
[EventRounds "7"]
[SourceDate "2011.11.16"]

1. e4 e5 2. Nf3 d6 3. Bc4 Be7 4. d4 exd4 5. Nxd4 Nf6 6. Nc3 O-O 7. Bb3 Bd7 8.
h3 Nc6 9. Nde2 Ne5 10. f4 Ng6 11. g3 Bc6 12. Qd3 a6 13. Be3 Nd7 14. O-O-O Nc5
15. Bxc5 dxc5 16. Qe3 Qe8 17. Bd5 Bxd5 18. Rxd5 Rd8 19. Rxd8 Qxd8 20. Rd1 Qc8
21. h4 Rd8 22. Nd5 b6 23. h5 c6 24. hxg6 cxd5 25. gxf7+ Kxf7 26. exd5 Bd6 27.
Qf3 Qf5 28. g4 Qf6 29. Rf1 h6 30. Ng3 g6 31. Ne4 Qg7 32. f5 g5 33. Nxd6+ Rxd6
34. Re1 Qd4 35. Qe2 Qf4+ 36. Kb1 Kg8 37. Qe8+ Kg7 38. Re7+ 1-0

[Event "Guernsey Holiday 2011"]
[Site "Guernsey, Channel Islands"]
[Date "2011.10.16"]
[Round "1"]
[White "Cox, Marian"]
[Black "Onwezen, Eric"]
[Result "0-1"]
[WhiteElo "1440"]
[BlackElo "1720"]
[PlyCount "100"]
[EventDate "2011.10.16"]
[EventType "swiss"]
[EventRounds "7"]
[SourceDate "2011.11.16"]

1. e4 e5 2. Nf3 Nc6 3. Bc4 Be7 4. O-O Nf6 5. Nc3 O-O 6. Re1 d6 7. d3 Bg4 8. h3
Bh5 9. Bg5 Na5 10. Bb3 Nxb3 11. axb3 c6 12. Nb1 Qc7 13. c4 a6 14. Nbd2 b5 15.
Qc2 Qb6 16. Bxf6 Bxf6 17. g4 Bg6 18. Kg2 Rfb8 19. Reb1 Qc5 20. Qc3 b4 21. Qc2
d5 22. g5 dxe4 23. Nxe4 Bxe4 24. dxe4 Be7 25. Rd1 a5 26. Qe2 Rd8 27. Rxd8+ Rxd8
28. Rd1 f6 29. Rxd8+ Bxd8 30. h4 Qd6 31. Kg3 Bb6 32. Qc2 Bd4 33. Qd2 c5 34. Kg2
Qc6 35. Qc2 Kf7 36. Kg3 Qe6 37. Qd2 f5 38. exf5 Qxf5 39. Qe2 Qf4+ 40. Kh3 Bxb2
41. Nh2 Bd4 42. f3 Qe3 43. Qc2 g6 44. Qd1 e4 45. Kg4 Qg1+ 46. Qxg1 Bxg1 47. Nf1
e3 48. Ng3 a4 49. bxa4 b3 50. Ne2 b2 0-1

[Event "Guernsey Holiday 2011"]
[Site "Guernsey, Channel Islands"]
[Date "2011.10.16"]
[Round "1"]
[White "Brooker, Chris H"]
[Black "Harnden, Terry"]
[Result "0-1"]
[WhiteElo "1712"]
[BlackElo "1423"]
[PlyCount "134"]
[EventDate "2011.10.16"]
[EventType "swiss"]
[EventRounds "7"]
[SourceDate "2011.11.16"]

1. f4 g6 2. e4 d6 3. Nf3 Nf6 4. d3 c5 5. Be2 Bg7 6. O-O e6 7. Qe1 O-O 8. Qh4
Nh5 9. Qh3 Nc6 10. c3 Bd7 11. Ng5 Nf6 12. e5 dxe5 13. fxe5 Nxe5 14. Rxf6 h6 15.
Rf1 hxg5 16. Nd2 f5 17. Qg3 Nf7 18. Nf3 f4 19. Qf2 b6 20. Nd2 Bc6 21. Ne4 Bd5
22. Rd1 Qe7 23. Bd2 Rac8 24. Be1 a6 25. Nd2 b5 26. Bf3 b4 27. Ne4 Ne5 28. Be2
a5 29. d4 cxd4 30. cxd4 Nc6 31. Qf3 Nxd4 32. Qd3 Nxe2+ 33. Qxe2 Bxe4 34. Qxe4
Qc5+ 35. Bf2 Qf5 36. Qxf5 gxf5 37. Rd2 Rfd8 38. Re2 Kf7 39. Bb6 Bd4+ 40. Bxd4
Rxd4 41. Rae1 Rc6 42. b3 Rcd6 43. Kf2 Kf6 44. Kf1 Rd2 45. Kf2 e5 46. Kf1 e4 47.
Kf2 e3+ 48. Kf1 Rd1 49. Rc2 Rxe1+ 50. Kxe1 Rd5 51. Ke2 g4 52. g3 fxg3 53. hxg3
Re5 54. Kd3 Kg5 55. Ke2 f4 56. gxf4+ Kxf4 57. Rc1 g3 58. Rc4+ Re4 59. Rc8 Kg4
60. Rg8+ Kf4 61. Rf8+ Ke5 62. Rf3 Kd4 63. Rxg3 Kc3 64. Rg2 Re5 65. Rh2 Kb2 66.
Kd3+ e2 67. Rg2 Ka3 0-1

[Event "Guernsey Holiday 2011"]
[Site "Guernsey, Channel Islands"]
[Date "2011.10.16"]
[Round "1"]
[White "Le Maitre, Richard"]
[Black "Haisma, Henk"]
[Result "0-1"]
[WhiteElo "1418"]
[BlackElo "1709"]
[PlyCount "93"]
[EventDate "2011.10.16"]
[EventType "swiss"]
[EventRounds "7"]
[SourceDate "2011.11.16"]

1. Nf3 Nf6 2. g3 d5 3. Bg2 Bf5 4. d4 e6 5. O-O c5 6. c3 Nc6 7. a3 h6 8. b4 c4
9. b5 Na5 10. Nbd2 Bd6 11. a4 O-O 12. Ba3 a6 13. Bxd6 Qxd6 14. bxa6 Rxa6 15.
Re1 Bh7 16. Ne5 Nc6 17. Nxc6 Qxc6 18. Nf3 Rfa8 19. Ne5 Qc7 20. e3 b5 21. Re2
Rxa4 22. Rxa4 bxa4 23. Ra2 a3 24. Qc1 Be4 25. Rxa3 Rb8 26. Qa1 Qb7 27. Bxe4
Nxe4 28. f3 Nd2 29. Kg2 f6 30. Ng4 Nb1 31. Ra6 Qb2+ 32. Qxb2 Rxb2+ 33. Kh3 Nxc3
34. Rxe6 Ne2 35. Nf2 Nxd4 36. exd4 Rxf2 37. Rd6 Rxf3 38. Rxd5 Rd3 39. Kg4 Kf7
40. Kf4 Ke6 41. Rd8 Rd2 42. h4 c3 43. Rc8 c2 44. Rc4 Kd5 45. Ke3 Kxc4 46. Kxd2
Kxd4 47. Kxc2 0-1

[Event "Guernsey Holiday 2011"]
[Site "Guernsey, Channel Islands"]
[Date "2011.10.16"]
[Round "1"]
[White "Smith, David"]
[Black "Kaye, Mike"]
[Result "1-0"]
[WhiteElo "1708"]
[BlackElo "1400"]
[PlyCount "79"]
[EventDate "2011.10.16"]
[EventType "swiss"]
[EventRounds "7"]
[SourceDate "2011.11.16"]

1. d4 Nf6 2. Nf3 d5 3. Bf4 Nh5 4. e3 Nxf4 5. exf4 g6 6. Be2 Bg7 7. O-O O-O 8.
Nbd2 Bh6 9. g3 Nc6 10. c3 Be6 11. Re1 Qd7 12. Bf1 f6 13. Bg2 Rae8 14. Qb3 Na5
15. Qb4 b6 16. a4 Kh8 17. Qa3 c6 18. b4 Nb7 19. Nb3 g5 20. fxg5 fxg5 21. Ne5
Qd6 22. Qb2 Bg7 23. Qe2 Rf6 24. Nc1 Nd8 25. Ncd3 Rh6 26. Ng4 Bxg4 27. Qxg4 Nf7
28. Ra2 e6 29. Rae2 e5 30. dxe5 Bxe5 31. Nxe5 Nxe5 32. Qd4 Rhe6 33. f4 gxf4 34.
gxf4 c5 35. bxc5 bxc5 36. Qxd5 Rg8 37. Kh1 Rd8 38. Qxd6 Rexd6 39. Rxe5 Rd1 40.
Kg1 1-0

[Event "Guernsey Holiday 2011"]
[Site "Guernsey, Channel Islands"]
[Date "2011.10.16"]
[Round "1"]
[White "Newrick, William"]
[Black "Guttridge, David"]
[Result "0-1"]
[WhiteElo "1389"]
[BlackElo "1704"]
[PlyCount "46"]
[EventDate "2011.10.16"]
[EventType "swiss"]
[EventRounds "7"]
[SourceDate "2011.11.16"]

1. d4 e6 2. c4 f5 3. Nf3 Nf6 4. Bg5 d5 5. e3 Be7 6. Nbd2 Nbd7 7. Be2 O-O 8. O-O
Ne4 9. Bxe7 Qxe7 10. Nxe4 fxe4 11. Ne5 Nxe5 12. dxe5 c6 13. cxd5 exd5 14. Qb3
Rf5 15. Rae1 Rxe5 16. f3 exf3 17. Bxf3 Be6 18. Qc3 Bf7 19. e4 Re8 20. exd5 Rxe1
21. dxc6 Rxf1+ 22. Kxf1 bxc6 23. Bxc6 Qe2+ 0-1

[Event "Guernsey Holiday 2011"]
[Site "Guernsey, Channel Islands"]
[Date "2011.10.16"]
[Round "1"]
[White "Williams, Peter D"]
[Black "Carrick, Peter"]
[Result "1-0"]
[WhiteElo "1704"]
[BlackElo "1384"]
[PlyCount "63"]
[EventDate "2011.10.16"]
[EventType "swiss"]
[EventRounds "7"]
[SourceDate "2011.11.16"]

1. d4 d5 2. c4 e6 3. Nc3 Nf6 4. Nf3 Nc6 5. Bg5 Be7 6. e3 Ne4 7. Nxe4 dxe4 8.
Bxe7 Qxe7 9. Nd2 f5 10. Be2 O-O 11. Qb3 Qb4 12. O-O-O Qxb3 13. Nxb3 b6 14. f3
exf3 15. Bxf3 Bb7 16. Rd2 Rab8 17. d5 Ne5 18. dxe6 Bxf3 19. gxf3 Nxc4 20. Rd7
Rbc8 21. Nd4 Nd6 22. Nc6 Ra8 23. Rxc7 Nc8 24. Rd1 Re8 25. Rdd7 Rxe6 26. Rxg7+
Kf8 27. Rxh7 Rxc6+ 28. Rxc6 Kg8 29. Rhc7 Nd6 30. Rxd6 Re8 31. Rxa7 Kf8 32. Rxb6
1-0

[Event "Guernsey Holiday 2011"]
[Site "Guernsey, Channel Islands"]
[Date "2011.10.16"]
[Round "1"]
[White "Bennett, David"]
[Black "Finch, Russell"]
[Result "1/2-1/2"]
[WhiteElo "1352"]
[BlackElo "1700"]
[PlyCount "69"]
[EventDate "2011.10.16"]
[EventType "swiss"]
[EventRounds "7"]
[SourceDate "2011.11.16"]

1. Nf3 g6 2. d4 Bg7 3. Bf4 d6 4. Nc3 Nd7 5. e3 Ngf6 6. Bc4 O-O 7. O-O Nh5 8.
Ne2 Nxf4 9. Nxf4 e5 10. dxe5 dxe5 11. Nd5 c6 12. Nc3 Qe7 13. e4 Nb6 14. Bb3 Be6
15. Bxe6 Qxe6 16. b3 Qe7 17. Rb1 f5 18. Qd2 f4 19. Rfd1 Rad8 20. Qe2 h6 21. h3
h5 22. a4 Bf6 23. a5 Nc8 24. Qc4+ Kg7 25. b4 a6 26. Rd3 g5 27. g3 Rxd3 28. cxd3
Qd7 29. Kg2 g4 30. hxg4 hxg4 31. Nd2 Rd8 32. Nf1 Qxd3 33. Qxd3 Rxd3 34. Na4 Rd4
35. Nc5 1/2-1/2

[Event "Guernsey Holiday 2011"]
[Site "Guernsey, Channel Islands"]
[Date "2011.10.16"]
[Round "1"]
[White "Baart, Edwin R"]
[Black "Cox, Reginald E"]
[Result "1-0"]
[WhiteElo "1687"]
[BlackElo "1312"]
[PlyCount "91"]
[EventDate "2011.10.16"]
[EventType "swiss"]
[EventRounds "7"]
[SourceDate "2011.11.16"]

1. d4 Nf6 2. Nf3 e6 3. Bg5 h6 4. Bh4 b6 5. e3 Bb7 6. Be2 Be7 7. c4 d6 8. Nc3
Nbd7 9. Qc2 O-O 10. O-O a5 11. a3 Nh7 12. Bxe7 Qxe7 13. e4 e5 14. Nd5 Bxd5 15.
cxd5 Ndf6 16. Rac1 Rfc8 17. dxe5 dxe5 18. Bb5 Ra7 19. Bc6 Nf8 20. Qc4 Qd6 21.
Rfe1 Ng6 22. Nd2 Nd7 23. Qb5 Rd8 24. Nc4 Qe7 25. Ne3 Nf6 26. Nf5 Qf8 27. d6
cxd6 28. Qxb6 Rad7 29. Bxd7 Rxd7 30. Qxa5 Nf4 31. Rcd1 Ne8 32. Qb5 Rd8 33. a4
Nc7 34. Qb7 Nce6 35. g3 Ng6 36. Qb4 Ng5 37. Kg2 Rb8 38. Qa3 Rd8 39. b4 Rc8 40.
h4 Ne6 41. b5 Ngf4+ 42. gxf4 Nxf4+ 43. Kf1 Rc2 44. Qb3 Rc7 45. Rxd6 Ng6 46.
Rxg6 1-0

[Event "Guernsey Holiday 2011"]
[Site "Guernsey, Channel Islands"]
[Date "2011.10.16"]
[Round "1"]
[White "Brown, Jim"]
[Black "Jongerius, Marc"]
[Result "0-1"]
[WhiteElo "1272"]
[BlackElo "1643"]
[PlyCount "66"]
[EventDate "2011.10.16"]
[EventType "swiss"]
[EventRounds "7"]
[SourceDate "2011.11.16"]

1. Nf3 d5 2. d4 Nf6 3. e3 e6 4. a3 c5 5. Nbd2 Nc6 6. Be2 Qc7 7. b3 cxd4 8. exd4
Bd6 9. Bb2 Bd7 10. Ne5 Nxe5 11. dxe5 Bxe5 12. Bxe5 Qxe5 13. Nf3 Qc3+ 14. Nd2
Ne4 15. O-O Nxd2 16. Re1 O-O 17. Bd3 e5 18. Re3 e4 19. Be2 Qf6 20. Qxd2 Qxa1+
21. Bd1 Be6 22. h3 Qxa3 23. b4 Qa2 24. Kh2 Rac8 25. g4 Rc4 26. Kg3 Qb2 27. Rb3
Qe5+ 28. Kg2 d4 29. Be2 e3 30. fxe3 Qe4+ 31. Kg3 Rxc2 32. Qd3 Qxd3 33. Rxd3
Rxe2 0-1

[Event "Guernsey Holiday 2011"]
[Site "Guernsey, Channel Islands"]
[Date "2011.10.17"]
[Round "2"]
[White "Norman, Dinah M"]
[Black "Smith, David"]
[Result "1/2-1/2"]
[WhiteElo "1760"]
[BlackElo "1708"]
[PlyCount "34"]
[EventDate "2011.10.16"]
[EventType "swiss"]
[EventRounds "7"]
[SourceDate "2011.11.16"]

1. d4 d5 2. Nf3 Nf6 3. e3 c6 4. c4 Bf5 5. Qb3 Qb6 6. Nc3 e6 7. Be2 Nbd7 8. O-O
Be7 9. Re1 h6 10. h3 O-O 11. Bd2 Rfe8 12. Rac1 Ne4 13. Nxe4 Bxe4 14. Bc3 Nf6
15. Ne5 dxc4 16. Bxc4 Qxb3 17. Bxb3 Bd5 1/2-1/2

[Event "Guernsey Holiday 2011"]
[Site "Guernsey, Channel Islands"]
[Date "2011.10.17"]
[Round "2"]
[White "Ruigrok, Jacques"]
[Black "Baart, Edwin R"]
[Result "1/2-1/2"]
[WhiteElo "1760"]
[BlackElo "1687"]
[PlyCount "45"]
[EventDate "2011.10.16"]
[EventType "swiss"]
[EventRounds "7"]
[SourceDate "2011.11.16"]

1. e4 e5 2. Nf3 Nc6 3. d4 exd4 4. c3 d5 5. exd5 Qxd5 6. cxd4 Bg4 7. Be2 Nf6 8.
Nc3 Bb4 9. O-O Bxc3 10. bxc3 O-O 11. Be3 Rfe8 12. c4 Qf5 13. h3 Bxf3 14. Bxf3
Rad8 15. Bxc6 bxc6 16. Qa4 Re4 17. Qxc6 Qa5 18. Rab1 Re6 19. Qb7 c6 20. Qb2 Ne4
21. Rbc1 Qh5 22. Qc2 Nd6 23. Kh2 1/2-1/2

[Event "Guernsey Holiday 2011"]
[Site "Guernsey, Channel Islands"]
[Date "2011.10.17"]
[Round "2"]
[White "Guttridge, David"]
[Black "Hoogakker, Peter"]
[Result "1/2-1/2"]
[WhiteElo "1704"]
[BlackElo "1754"]
[PlyCount "53"]
[EventDate "2011.10.16"]
[EventType "swiss"]
[EventRounds "7"]
[SourceDate "2011.11.16"]

1. d4 d6 2. Nf3 Nd7 3. e4 e5 4. c3 Ngf6 5. Bd3 Be7 6. O-O h6 7. Be3 c6 8. Nbd2
Qc7 9. Re1 Nf8 10. dxe5 dxe5 11. Qb3 g5 12. Bc4 Ne6 13. g3 b5 14. Bf1 Rg8 15.
a4 bxa4 16. Rxa4 Nc5 17. Bxc5 Bxc5 18. Re2 h5 19. Nc4 Be6 20. Qc2 Nd7 21. Ne3
h4 22. Nf5 hxg3 23. hxg3 O-O-O 24. b4 Bb6 25. Ne7+ Kb8 26. Nxg8 Rxg8 27. Rd2
1/2-1/2

[Event "Guernsey Holiday 2011"]
[Site "Guernsey, Channel Islands"]
[Date "2011.10.17"]
[Round "2"]
[White "Jongerius, Marc"]
[Black "Collins, Alan"]
[Result "1/2-1/2"]
[WhiteElo "1643"]
[BlackElo "1736"]
[PlyCount "41"]
[EventDate "2011.10.16"]
[EventType "swiss"]
[EventRounds "7"]
[SourceDate "2011.11.16"]

1. e4 d5 2. exd5 Qxd5 3. Nc3 Qe5+ 4. Qe2 Qxe2+ 5. Bxe2 c6 6. Bf3 Bf5 7. Nb5 Na6
8. Nd4 Bd7 9. d3 e5 10. Nb3 Bd6 11. c3 Ne7 12. Be3 Nf5 13. Bg4 O-O 14. Bxf5
Bxf5 15. O-O-O b6 16. f3 c5 17. a3 Rfd8 18. g4 Bg6 19. Kc2 Be7 20. Nd2 Nc7 21.
c4 1/2-1/2

[Event "Guernsey Holiday 2011"]
[Site "Guernsey, Channel Islands"]
[Date "2011.10.17"]
[Round "2"]
[White "Hamann, Marcus"]
[Black "Nalichowski, Bogdan"]
[Result "1/2-1/2"]
[WhiteElo "1728"]
[BlackElo "1626"]
[PlyCount "116"]
[EventDate "2011.10.16"]
[EventType "swiss"]
[EventRounds "7"]
[SourceDate "2011.11.16"]

1. e4 e5 2. Nf3 Nc6 3. d4 exd4 4. Nxd4 Bc5 5. Be3 d6 6. Nxc6 bxc6 7. Bxc5 dxc5
8. Qxd8+ Kxd8 9. Bc4 Ke7 10. Nc3 Nf6 11. O-O Rd8 12. Rfd1 Rxd1+ 13. Rxd1 a5 14.
Na4 Nd7 15. Be2 Rb8 16. b3 Rb4 17. c4 Rb8 18. Bg4 Ne5 19. Bxc8 Rxc8 20. Nxc5 f6
21. f4 Nf7 22. Rd7+ Ke8 23. Kf2 h5 24. f5 a4 25. Kg3 axb3 26. axb3 Kf8 27. Kh4
Kg8 28. Kxh5 Ra8 29. Kh4 Ra5 30. b4 Ra2 31. Rxc7 Rc2 32. Rxc6 Rxc4 33. Rb6 Nh6
34. Rb7 Nxf5+ 35. Kg4 Nd6 36. Rb8+ Kf7 37. Kf3 g5 38. Ke3 Rc2 39. Kd3 Rxg2 40.
b5 Rxh2 41. b6 Rb2 42. Kd4 g4 43. Nd3 g3 44. Nf4 Rd2+ 45. Ke3 Rb2 46. Kf3 Rb3+
47. Kg2 Nxe4 48. b7 Nd6 49. Ne2 Ne4 50. Nd4 Rb2+ 51. Kg1 Nd6 52. Nc6 f5 53.
Ne5+ Kf6 54. Nc4 Rxb7 55. Rxb7 Nxc4 56. Kg2 f4 57. Kf3 Nd6 58. Rb2 Nf5 {(1/2 -
1/2, 63)} 1/2-1/2